| 000 | 00403cam a2200169 4500 | ||
|---|---|---|---|
| 001 | D13271 | ||
| 008 | 090401t xxu||||| |||| 00| 0 eng d | ||
| 035 | _a(Sirsi) u94400 | ||
| 041 | _aeng | ||
| 100 | _aLewis, C.T.Courtney | ||
| 245 | _aGeorge Baxter, the picture printer | ||
| 260 |
_aLondon _bSampson Low Marston & Co _cnd |
||
| 350 | _a0 | ||
| 520 | _aShelf 105 | ||
| 942 | _n0 | ||
| 948 | _c04/03/1997 | ||
| 999 |
_c98018 _d98018 |
||